banner-ar

معجم الالفاظ العامية فى دولة الامارات العربية المتحدة / (Record no. 59717)

MARC details
000 -الفاتح
حقل البيانات ثابتة الطول 00630nam a2200193Ia 4500
008 - عناصر البيانات ثابتة الطول - معلومات عامة
حقل البيانات ثابتة الطول 140319s9999 xx 000 0 ara d
040 ## - مصدر الفهرسة
وكالة الفهرسة الأصلية GCL /
وكالة النسخ GCL
082 04 - رقم تصنيف ديوى العشرى
رقم التصنيف م
رقم المادة 417.9535
-- ف م
100 1# - المدخل الرئيسى - إسم شخصى
الإسم الشخصى فالح حنظل
245 10 - بيان العنوان
العنوان معجم الالفاظ العامية فى دولة الامارات العربية المتحدة /
بيان المسئوليه,etc فالح حنظل
700 1# - المدخل الاضافى - اسم شخصى
الإسم الشخصى غسان الحسن
300 ## - الوصف المادى
التعداد 757 ص
490 ## - بيان السلسلة
عنوان السلسلة ماذا اعرف
رقم المجلد/ التعيين التسلسلي 0
650 04 - المدخل الاضافى بالموضوع-مصطلح موضوعى
مصطلح موضوعي المعاجم
650 04 - المدخل الاضافى بالموضوع-مصطلح موضوعى
مصطلح موضوعي اللغة العربية - اللهجات
650 04 - المدخل الاضافى بالموضوع-مصطلح موضوعى
مصطلح موضوعي اللغة العربية - العامية
942 ## - عناصر المدخل الإضافي( كوها)
مصدر التصنيف او مخطط الترفيف Dewey Decimal Classification
Koha [default] item type المراجع
Holdings
حالة التراجع حالة الفقد حالة تلف ليس للاعارة المكان المؤقت الموقع الحالى تاريخ الاكتساب اجمالي اﻻعارات رقم الطلب الباركود تاريخ اخر مشاهدة تاريخ تفعيل السعر نوع وعاء كوها
        مكتبة القاهرة الكبرى مكتبة القاهرة الكبرى 03/26/2014   م\417.9535\ف م 158488 03/26/2014 03/26/2014 المراجع
        مكتبة القاهرة الكبرى مكتبة القاهرة الكبرى 03/26/2014   م\417.9535\ف م 158489 03/26/2014 03/26/2014 المراجع
        مكتبة القاهرة الكبرى مكتبة القاهرة الكبرى 03/26/2014   م\417.9535\ف م 158490 03/26/2014 03/26/2014 المراجع

Powered By

EGPV